01418naa a22003377a 4500001001000000003000900010005001700019007000300036008003400039040005400073041000900127072003700136090001800173100001800191100002100209245019600230260003800426500014200464650002000606650002000626650001000646650001000656650000900666650001600675650003300691773013900724909003600863942001400899999001900913952014800932BR8205662BR-BrBNA20240918175202.0ta230509b bl.||||| |||| 00| 0 por d aBR-BrBNAbporcBiblioteca Nacional de Agricultura a(Pt) aL30; L10b6100b0120b0336bG514 aL30 BR82056621 aSchmidt, G.S.1 aCustodio, R.W.S.1 aUtilizacao de uma racao a base de milho e soja para frangos de corte, na fase final de crescimento (35 a 49 dias)[nutricao animal, Zea mays, Glycine max, melhoramento genetico animal, Brasil]3 aPiracicaba, SP (Brasil): c1982.  aRelatorio cientifico da Escola Superior de Agricultura Luiz de Queiroz. 1981 Piracicaba, SP (Brasil): 1982. p. 214-218 (BR8205662-AM)L30  aNUTRICAO ANIMAL aFRANGO DE CORTE aRACAO aMILHO aSOJA aCRESCIMENTO aMELHORAMENTO GENETICO ANIMAL0 tRelatorio cientifico da Escola Superior de Agricultura Luiz de Queiroz. 1981wL30 BR8205662gPiracicaba, SP (Brasil), 1982. p. 214-218 a202404bLuciac55dLucia Elande cAM2AGRIS c315463d315463 002AGRIS40708Acervo Gerala41918b41918cAgrobasel0oF30 BR8205640r2024-05-20t01yAM10d2024-04-11ePortaria Interministerial nÂș 164/94